| 000 | 01047nam a2200265 a 4500 | ||
|---|---|---|---|
| 001 | 000008336 | ||
| 003 | OSt | ||
| 005 | 20201210132943.0 | ||
| 008 | 090916s1992 dr 001 0 spa d | ||
| 040 |
_aDO-SdBNP _bspa _cBNPHU |
||
| 082 |
_aRD863.008 _bC729c |
||
| 245 | 0 | 0 |
_aCombatidas, combativas y combatientes : _bantología de cuentos escritos por mujeres dominicanas / _cedición, recopilación y notas Daisy Cocco de Filippis ; prólogo Rosario Castellanos. |
| 260 |
_aSanto Domingo : _bTaller, _c1992. |
||
| 300 |
_a446 p. ; _c23 cm. |
||
| 504 | _aIncluye referencias bibliográficas y notas al pie de las páginas | ||
| 504 | _aIncluye bibliografías (p. 445-446) | ||
| 590 | _aInventariado, 2019 / DG | ||
| 650 | 4 |
_aCuentos dominicanos _xColecciones _9503 |
|
| 650 | 4 |
_aLiteratura dominicana _xColeciones _922513 |
|
| 650 | 4 |
_aMujeres como autoras _xColecciones _922514 |
|
| 700 | 1 |
_aCocco de Filippis, Daysi, _920530 |
|
| 700 | 1 | 2 |
_aCastellanos, Rosario, _epról. _922515 |
| 910 | _aValidado. Control de calidad MFF | ||
| 942 |
_2ddc _cLBS1 |
||
| 999 |
_c8107 _d8107 |
||